000 00521nam a2200193Ia 4500
001 58174
008 141213n ii |||gr||||Z||||||465
020 _a81-87134-31-3
082 _a571.95
245 0 _aEnvironmental Toxicology
_cS.Bhattacharya
_hTextual Documents
250 _aIst ed.
260 _aKolkata:
_bBooks And Allied.,
_c2011.
300 _a222pg:
_c23cm.
653 _aZoology
653 _aEnvironmental Toxicology
653 _aDept- Zoology
700 _aS.Bhattacharya ,
_eAuthor.,
942 _2ddc
_cBK
999 _c58073
_d58073